Detalles MARC
| 000 -CABECERA |
| campo de control de longitud fija |
01134nam a2200277 a 4500 |
| 001 - NÚMERO DE CONTROL |
| campo de control |
000026428 |
| 005 - FECHA Y HORA DE LA ÚLTIMA TRANSACCIÓN |
| campo de control |
20200930030222.0 |
| 008 - DATOS DE LONGITUD FIJA--INFORMACIÓN GENERAL |
| campo de control de longitud fija |
110317s1953 mx a r 000 0 spa d |
| 040 ## - FUENTE DE LA CATALOGACIÓN |
| Centro catalogador/agencia de origen |
DO-SdBNP |
| Lengua de catalogación |
spa |
| Centro/agencia transcriptor |
BNPHU |
| 041 17 - CÓDIGO DE LENGUA |
| Código de lengua del texto/banda sonora o título independiente |
spa |
| Código de lengua original |
alemán |
| Fuente del código |
Código de idioma MARC |
| 082 ## - NÚMERO DE LA CLASIFICACIÓN DECIMAL DEWEY |
| Número de clasificación |
xxx |
| Número de documento/Ítem |
G384p |
| 049 ## - FONDOS LOCALES (OCLC) |
| Fondos de biblioteca |
BNGR |
| 100 1# - ENTRADA PRINCIPAL--NOMBRE DE PERSONA |
| Nombre de persona |
Gerster, H. J. |
| 9 (RLIN) |
53473 |
| 240 10 - TÍTULO UNIFORME |
| Título uniforme |
Kinderzahl nach Wunsch und Willen. |
| Lenguaje de la obra |
alemán. |
| 245 10 - MENCIÓN DE TÍTULO |
| Título |
El problema de la concepción : |
| Resto del título |
la ley de Knaus / |
| Mención de responsabilidad, etc. |
H.J. Gerster ; versión española de José López y López. |
| 260 ## - PUBLICACIÓN, DISTRIBUCIÓN, ETC. |
| Lugar de publicación, distribución, etc. |
México, D. F. : |
| Nombre del editor, distribuidor, etc. |
Impresiones Modernas, |
| Fecha de publicación, distribución, etc. |
1953. |
| 300 ## - DESCRIPCIÓN FÍSICA |
| Extensión |
153, [6] p. : |
| Otras características físicas |
il., ; |
| Dimensiones |
19 cm. |
| 490 1# - MENCIÓN DE SERIE |
| Mención de serie |
Ciencia y vida |
| 500 ## - NOTA GENERAL |
| Nota general |
Un método experimentado y al alcance de todos con 20 grabados y calendario menstrual para la comprobación de la reglas. |
| 500 ## - NOTA GENERAL |
| Nota general |
Incluye notas al pie de las páginas |
| 500 ## - NOTA GENERAL |
| Nota general |
Incluye apéndice (p. [147]-148) |
| 504 ## - NOTA DE BIBLIOGRAFÍA, ETC. |
| Nota de bibliografía, etc. |
Incluye índice bibliográfico (p. 149-150) |
| 534 ## - NOTA SOBRE LA VERSIÓN ORIGINAL |
| Encabezamiento principal del original |
Título original en alemán: |
| Mención de título del original |
Kinderzahl nach Wunsch und Willen. |
| 700 1# - PUNTO DE ACCESO ADICIONAL--NOMBRE DE PERSONA |
| Nombre de persona |
López y López, José |
| Término indicativo de función/relación |
tr. |
| 9 (RLIN) |
53474 |
| 830 #0 - PUNTO DE ACCESO ADICIONAL DE SERIE-TÍTULO UNIFORME |
| Título uniforme |
Ciencia y vida |
| 9 (RLIN) |
53475 |